<?xml version="1.0" encoding="UTF-8"?>
<record
    xmlns:xsi="http://www.w3.org/2001/XMLSchema-instance"
    xsi:schemaLocation="http://www.loc.gov/MARC21/slim http://www.loc.gov/standards/marcxml/schema/MARC21slim.xsd"
    xmlns="http://www.loc.gov/MARC21/slim">

  <leader>00462nam a2200145Ia 4500</leader>
  <controlfield tag="008">231221s9999    xx            000 0 und d</controlfield>
  <datafield tag="020" ind1=" " ind2=" ">
    <subfield code="a">9780000000000</subfield>
  </datafield>
  <datafield tag="041" ind1=" " ind2=" ">
    <subfield code="a">English</subfield>
  </datafield>
  <datafield tag="082" ind1=" " ind2=" ">
    <subfield code="a">658.4 SEN;1</subfield>
  </datafield>
  <datafield tag="100" ind1=" " ind2=" ">
    <subfield code="a">Senge, Peter M. Kleiner, Art. Robert, Charlotte...[et al]</subfield>
  </datafield>
  <datafield tag="245" ind1=" " ind2="0">
    <subfield code="a">Fifth discipline fieldbook : strategies and tools for building a learning organization</subfield>
  </datafield>
  <datafield tag="260" ind1=" " ind2=" ">
    <subfield code="c">1994</subfield>
    <subfield code="b">Nichlolas brealey</subfield>
    <subfield code="a">London</subfield>
  </datafield>
  <datafield tag="300" ind1=" " ind2=" ">
    <subfield code="a">xiii, 593</subfield>
  </datafield>
  <datafield tag="942" ind1=" " ind2=" ">
    <subfield code="c">BM</subfield>
  </datafield>
  <datafield tag="999" ind1=" " ind2=" ">
    <subfield code="c">213102</subfield>
    <subfield code="d">213102</subfield>
  </datafield>
  <datafield tag="952" ind1=" " ind2=" ">
    <subfield code="r">2024-01-26 00:00:00</subfield>
    <subfield code="l">0</subfield>
    <subfield code="o">658.4 SEN;1</subfield>
    <subfield code="p">BM1837</subfield>
    <subfield code="v">796.00</subfield>
    <subfield code="w">2024-01-26</subfield>
    <subfield code="y">BM</subfield>
    <subfield code="1">0</subfield>
    <subfield code="4">0</subfield>
    <subfield code="7">0</subfield>
    <subfield code="8">BBM</subfield>
    <subfield code="0">0</subfield>
    <subfield code="a">ML</subfield>
    <subfield code="b">ML</subfield>
    <subfield code="c">CL</subfield>
    <subfield code="d">0000-00-00</subfield>
    <subfield code="e">Surya Infotainment Products Pvt. Ltd.</subfield>
    <subfield code="g">995.00</subfield>
    <subfield code="E">BM</subfield>
    <subfield code="K">SIPHO/2011/CRB/458</subfield>
    <subfield code="L">17/08/2016</subfield>
    <subfield code="G">RS</subfield>
    <subfield code="F">1</subfield>
    <subfield code="V">199</subfield>
    <subfield code="W">20</subfield>
  </datafield>
  <datafield tag="952" ind1=" " ind2=" ">
    <subfield code="r">2024-01-26 00:00:00</subfield>
    <subfield code="l">0</subfield>
    <subfield code="o">658.4 SEN;2  R</subfield>
    <subfield code="p">BM1838</subfield>
    <subfield code="v">796.00</subfield>
    <subfield code="w">2024-01-26</subfield>
    <subfield code="y">BM</subfield>
    <subfield code="1">0</subfield>
    <subfield code="4">0</subfield>
    <subfield code="7">0</subfield>
    <subfield code="8">CL</subfield>
    <subfield code="0">0</subfield>
    <subfield code="a">ML</subfield>
    <subfield code="b">ML</subfield>
    <subfield code="c">CL</subfield>
    <subfield code="d">0000-00-00</subfield>
    <subfield code="e">Surya Infotainment Products Pvt. Ltd.</subfield>
    <subfield code="g">995.00</subfield>
    <subfield code="E">BM</subfield>
    <subfield code="K">SIPHO/2011/CRB/458</subfield>
    <subfield code="L">17/08/2016</subfield>
    <subfield code="G">RS</subfield>
    <subfield code="F">1</subfield>
    <subfield code="V">199</subfield>
    <subfield code="W">20</subfield>
  </datafield>
  <datafield tag="952" ind1=" " ind2=" ">
    <subfield code="r">2024-01-26 00:00:00</subfield>
    <subfield code="l">0</subfield>
    <subfield code="o">658.4 SEN;3</subfield>
    <subfield code="p">BM1839</subfield>
    <subfield code="v">796.00</subfield>
    <subfield code="w">2024-01-26</subfield>
    <subfield code="y">BM</subfield>
    <subfield code="1">0</subfield>
    <subfield code="4">0</subfield>
    <subfield code="7">0</subfield>
    <subfield code="8">CL</subfield>
    <subfield code="0">0</subfield>
    <subfield code="a">ML</subfield>
    <subfield code="b">ML</subfield>
    <subfield code="c">CL</subfield>
    <subfield code="d">0000-00-00</subfield>
    <subfield code="e">Surya Infotainment Products Pvt. Ltd.</subfield>
    <subfield code="g">995.00</subfield>
    <subfield code="E">BM</subfield>
    <subfield code="K">SIPHO/2011/CRB/458</subfield>
    <subfield code="L">17/08/2016</subfield>
    <subfield code="G">RS</subfield>
    <subfield code="F">1</subfield>
    <subfield code="V">199</subfield>
    <subfield code="W">20</subfield>
  </datafield>
  <datafield tag="952" ind1=" " ind2=" ">
    <subfield code="r">2024-01-26 00:00:00</subfield>
    <subfield code="l">0</subfield>
    <subfield code="o">658.4 SEN;4</subfield>
    <subfield code="p">BM1840</subfield>
    <subfield code="v">796.00</subfield>
    <subfield code="w">2024-01-26</subfield>
    <subfield code="y">BM</subfield>
    <subfield code="1">0</subfield>
    <subfield code="4">0</subfield>
    <subfield code="7">0</subfield>
    <subfield code="8">CL</subfield>
    <subfield code="0">0</subfield>
    <subfield code="a">ML</subfield>
    <subfield code="b">ML</subfield>
    <subfield code="c">CL</subfield>
    <subfield code="d">0000-00-00</subfield>
    <subfield code="e">Surya Infotainment Products Pvt. Ltd.</subfield>
    <subfield code="g">995.00</subfield>
    <subfield code="E">BM</subfield>
    <subfield code="K">SIPHO/2011/CRB/458</subfield>
    <subfield code="L">17/08/2016</subfield>
    <subfield code="G">RS</subfield>
    <subfield code="F">1</subfield>
    <subfield code="V">199</subfield>
    <subfield code="W">20</subfield>
  </datafield>
  <datafield tag="952" ind1=" " ind2=" ">
    <subfield code="r">2024-01-26 00:00:00</subfield>
    <subfield code="l">0</subfield>
    <subfield code="o">658.4 SEN;5</subfield>
    <subfield code="p">BM1841</subfield>
    <subfield code="v">796.00</subfield>
    <subfield code="w">2024-01-26</subfield>
    <subfield code="y">BM</subfield>
    <subfield code="1">0</subfield>
    <subfield code="4">0</subfield>
    <subfield code="7">0</subfield>
    <subfield code="8">CL</subfield>
    <subfield code="0">0</subfield>
    <subfield code="a">ML</subfield>
    <subfield code="b">ML</subfield>
    <subfield code="c">CL</subfield>
    <subfield code="d">0000-00-00</subfield>
    <subfield code="e">Surya Infotainment Products Pvt. Ltd.</subfield>
    <subfield code="g">995.00</subfield>
    <subfield code="E">BM</subfield>
    <subfield code="K">SIPHO/2011/CRB/458</subfield>
    <subfield code="L">17/08/2016</subfield>
    <subfield code="G">RS</subfield>
    <subfield code="F">1</subfield>
    <subfield code="V">199</subfield>
    <subfield code="W">20</subfield>
  </datafield>
</record>
